000 00772ngm a2200313 a 4500
003 OSt
005 20251020182701.0
008 240217s9999 xx 000 0 und d
040 _aPE SENCICO BE
040 _cPE SENCICO BE
041 _aspa
082 _aM002
245 0 _aLiderazgo juvenil, La nueva misión existencial:
245 0 _bSemana de la Calidad 1992 /
245 0 _cComité de Gestión de la Calidad
260 _aLima
260 _bComité de Gestión de la Calidad
260 _c1992
300 _a1 VIDEO
300 _bson., Col.
300 _c1:44'
490 _aCALIDAD EMPRESARIAL
511 _aCornejo, Miguel Angel
650 _aCALIDAD
650 _aLIDERAZGO
651 _aMÉXICO
910 _aila.
942 _cVID
_2ddc
999 _c4817
_d4817